Loading...

British monopolies commission

Bibliographic Details
Main Author: Rowley, Charles K.
Format: Printed Book
Language:English
Published: London George allen &unwin ltd 1966
Subjects:
LEADER 00506nam a22001577a 4500
005 20151215125415.0
008 091205t xxu||||| |||| 00| 0 eng d
082 |a 941  |b ROW 
100 |a Rowley, Charles K. 
245 |a British monopolies commission 
300 |a 394p. 
653 |a Monopolices commission 
942 |c BK  |6 _ 
260 |a London  |b George allen &unwin ltd  |c 1966 
999 |c 103348  |d 103348 
952 |0 0  |1 0  |2 ddc  |4 0  |6 941_ROW  |7 0  |9 130518  |a SMS  |b SMS  |c GEN  |d 2009-12-05  |o 941 ROW  |p SMS003518  |r 2009-12-05  |w 2009-12-05  |y BK